000 00531nam a2200169 4500
001 127264
003 ES-MaACL
005 20230906192958.0
007 t|
008 070214s1968 sp r ||||1| spa d
100 1 _aReynolds, Lloyd G.
_996632
245 1 0 _aIntroducción a la Economía /
_cLloyd G. Reynolds ; traducción de Dámaso Alvarez-Monteagudo Rizo.
260 _aMadrid :
_bTecnos,
_c1968.
300 _a829 p. ;
_c23 cm.
700 1 _aAlvarez-Monteagudo Rizo, Dámaso.
_920884
852 _aES-MaACL
_jC-36178
_bR.68789
999 _c127264
_d127264